000 003250000a22001450004500
020 _a968-13-1614-2
041 0 _aSPA
082 0 4 _aG 863 A432d
100 1 _aAllende, Isabel (1942-)
245 1 0 _aLa casa de los espíritus / Isabel Allende
260 _aMéxico : Diana
300 _a386 Pag
001 11344
942 _cBK
999 _c40680
_d40680